| 000 | 01168nam0a22002771 4500 | ||
|---|---|---|---|
| 001 | rc\722540 | ||
| 005 | 20260407112854.0 | ||
| 010 |
_a5-230-11803-4 _9200 |
||
| 035 | _a(NLR Aleph) 005965810 | ||
| 090 |
_a6893182 _c6893182 |
||
| 100 | _a20031121d1996 |||y0rusy50 ca | ||
| 101 | 0 | _arus | |
| 102 | _aRU | ||
| 105 | _aa ||||||||| | ||
| 200 | 1 |
_aАНТИЧНОСТЬ и средневековье Европы _eМежвуз. сб. науч. тр. _fМ--во общ. и проф. образования Рос. Федерации, Перм. гос. ун-т _gПод ред. И.Л. Маяк и А.З. Нюркаевой |
|
| 210 |
_aПермь _cПерм. ун-т _d1996 |
||
| 215 |
_a279 с. _cил. _d20 |
||
| 300 | _aРез. на англ. яз. | ||
| 320 | _aБиблиогр. в примеч. в конце ст. | ||
| 702 | 1 |
_4570 _7ca _8rus _aМаяк _bИ. Л. _f1922-2018 _gИя Леонидовна _9197015 _3RU\NLR\AUTH\770197066 |
|
| 712 | 0 | 2 |
_aПермский государственный университет _3RU\NLR\AUTH\889941282 _9377407 |
| 801 | 0 |
_aRU _bNLR _gpsbo |
|
| 801 | 1 |
_aRU _bELAR _2rusmarc |
|
| 852 |
_aNLR _j97-3/10870 |
||
| 942 | _cBOOK | ||
| 980 | _aNB | ||